000 00345pab a2200145 454500
008 180718b2006 xxu||||| |||| 00| 0 eng d
100 _aBanerjee, Sumanta
245 _aHour of the assassins
260 _c2006
300 _ap.4329-331.
362 _a14 Oct
650 _aTerrorism
773 _aEconomic and Political Weekly
909 _a72010
999 _c72010
_d72010